Mirar el mundo con lentes de género /

Detalles Bibliográficos
Otros Autores: Herrera, Cristina (Editor), Tinat, Karine (Editor), Giorguli Saucedo, Silvia Elena, 1970- (Editor)
Formato: Electrónico eBook
Lenguaje:español
Publicado: Ciudad de México, México : El Colegio de México, 2023.
Edición:Primera edición electrónica.
Colección:Colección Miradas múltiples para pensar a México y al mundo ; 06.
Materias:
Acceso en línea:Digitalia Hispánica

MARC

LEADER 00000nam a2200000 i 4500
001 DIGCOLMX0530
003 NyNyDIG
006 m o d
007 cr |||||||||||
008 240104s2023 mx a ob 000 0 spa d
035 |a (OCoLC)1419044452 
040 |a DGITA  |b eng  |e rda  |e pn  |c DGITA 
020 |a 9786075645216  |q electrónico 
020 |z 9786075644653  |q impreso  |q (vol. 06) 
043 |a n-mx---  
050 1 4 |a HQ1236.5 ebook 
245 0 0 |a Mirar el mundo con lentes de género /  |c Cristina Herrera, Karine Tinat y Silvia Giorguli, editoras. 
250 |a Primera edición electrónica. 
264 1 |a Ciudad de México, México :  |b El Colegio de México,  |c 2023. 
300 |a 1 online resource :  |b illustrations. 
336 |a text  |b txt  |2 rdacontent 
337 |a computer file  |b c  |2 rdamedia 
338 |a online resource  |b cr  |2 rdacarrier 
347 |a text file  |2 rdaft 
347 |b EPUB 
490 1 |a Miradas múltiples para pensar a México y al mundo ;  |v 06 
504 |a Includes bibliographical references. 
588 0 |a Online resource; title from ePub title page (Digitalia, viewed January 4, 2024) 
650 0 |a Women's rights  |z Mexico. 
650 0 |a Women  |x Violence against  |z Mexico. 
700 1 |a Herrera, Cristina,  |e editor. 
700 1 |a Tinat, Karine,  |e editor. 
700 1 |a Giorguli Saucedo, Silvia Elena,  |d 1970-  |e editor. 
776 0 8 |i Print version:  |t Mirar el mundo con lentes de género.  |b Primera edición impresa.  |d Ciudad de México, México : El Colegio de México, 2023  |z 9786075644653 
791 2 |a Digitalia (Firm),  |e distributor. 
793 0 |g Digitalia eBook Collection:  |a El Colegio de México 
830 0 |a Colección Miradas múltiples para pensar a México y al mundo ;  |v 06. 
856 4 0 |3 Digitalia Hispánica  |u https://www.digitaliapublishing.com/a/131960/ 
910 |a Premium collection: 2024